00941nam a22002537a 4500003001100000005001700011008004100028020001500069040003900084041000800123082001600131100001800147110002500165245007200190260006400262300001600326650001300342650001400355942000700369952010200376952009700478952009700575999001500672LK-CoMWRAF20230911203319.0230911b2002 |||||||| |||| 00| 0 eng d a9556250166 aLK-CoMWRAFdLK-CoMWRAFeLK-CoMWRAF aeng a325.21bZAC aZackariya, F. a Shanmugarathnam, N. aStepping out :bWomen surviving amidst displacement and deprivation aColombo :bMuslim Women's research and action forum, c2002 a28p. ; 22cm aRefugees aPolitical cBK 00102ddc40708RAFPaMAINbMAINd2023-09-11l0o325.21 ZACpRAF1040r2023-09-11w2023-09-11yBK 001040708RAFPaMAINbMAINd2023-10-31l0o325.21 ZACpRAF2561r2023-10-31w2023-10-31yBK 001040708RAFPaMAINbMAINd2023-10-31l0o325.21 ZACpRAF2562r2023-10-31w2023-10-31yBK c3541d3541